SmartStart : panduan untuk pengantin baru

Bibliographic Details
Format: Book
Published: Kuala Lumpur : Kementerian Pembangunan Wanita, Keluarga dan Masyarakat , 2006
Subjects:

MARC

LEADER 00000cam a2200000 7i4500
001 0000014915
005 20080307.0
008 080307
020 |a 9833624006 
090 0 0 |a 306.8   |b SMA 
245 1 0 |a SmartStart :   |b panduan untuk pengantin baru 
260 |a Kuala Lumpur :   |b Kementerian Pembangunan Wanita, Keluarga dan Masyarakat ,   |c 2006 
650 0 |a Family 
650 0 |a Husband and wife 
650 0 |a Marriage 
650 0 |a Parenthood 
999 |a 0001012272   |b Book   |c Adult Collection   |e Cawangan Sri Merlong 
999 |a 0001012273   |b Book   |c Adult Collection   |e Cawangan Mersing 
999 |a 0001012274   |b Book   |c Adult Collection   |e Cawangan AEON Kulaijaya 
999 |a 0001012275   |b Book   |c Adult Collection   |e Cawangan Mersing 
999 |a 0001012276   |b Book   |c Adult Collection   |e Perbadanan Perpustakaan Awam Johor 
999 |a 0001071346   |b Book   |c REFERENCE   |e Cawangan Segamat 
999 |a 0001071347   |b Book   |c Adult Collection   |e Cawangan Tangkak 
999 |a 0001071348   |b Book   |c Adult Collection   |e Cawangan Bukit Gambir